| 000 | 01554nam0a22002891 4500 | ||
|---|---|---|---|
| 001 | rc\873049 | ||
| 005 | 20041129093427.8 | ||
| 035 | _a(NLR Aleph) 006051315 | ||
| 090 |
_a4809121 _c4809121 |
||
| 100 | _a20041129d1984 u |0rusy50 ca | ||
| 101 | 0 | _arus | |
| 102 | _aRU | ||
| 105 | _ay ||||||||| | ||
| 200 | 1 | _aИспользование нежирного молочного сырья для производства напитков | |
| 210 |
_aМ. _cЦНИИТЭИмясомолпром _d1984 |
||
| 215 |
_a39 с. _d21 |
||
| 225 | 1 |
_aОбзорная информация по информационному обеспечению целевых комплексных научно-технических программ и программ по решению важнейших научно-технических проблем _fМ-во мясн. и молоч. пром-сти СССР, ЦНИИ информ. и техн.-экон. исслед. |
|
| 300 | _aАвт. указаны на 2-й с. обл. | ||
| 320 | _aБиблиогр.: с. 37-38 (48 назв.) | ||
| 700 | 1 |
_aТруфанова _bЛ. С. _gЛюдмила Сергеевна |
|
| 701 | 1 |
_aМолочников _bВ. В. _gВалерий Викторович |
|
| 712 | 0 | 2 |
_aЦНИИ информации и техн.-экон. исследований М-ва мясной и молочной промышленности СССР _3RU\NLR\AUTH\8810026384 |
| 801 | 0 |
_aRU _bNLR _gpsbo |
|
| 801 | 1 |
_aRU _bELAR _2rusmarc |
|
| 852 |
_aNLR _j84-6/2589 |
||
| 942 | _cBOOK | ||
| 980 | _aNB | ||